00305nam a2200133Ia 4500003000400000005001700004008004100021020001500062040001700077100001900094245003300113260001600146260000900162OSt20240320145953.0170524s9999 xx 000 0 und d a8131303462 cIIMTU MEERUT aBasu- A Satish 0aTourism Development in India bA.P .H Pub. c2004